000 00882nas a2200289 4500
001 BR9801142
003 BR-BrBNA
005 20231205100922.0
007 ta
008 230509b bl.|||p| |||| 00| 00por d
040 _aBR-BrBNA
_bpor
_cBiblioteca Nacional de Agricultura
041 _a(Pt)
072 _aF03
100 1 _aMenezes, N.L. de
100 1 _aMazaro, S.M.
100 1 _aBrackmann, A.
245 1 _aEfeito da exposicao a diferentes concentracoes de oxigenio para superar a dormencia em sementes de arroz irrigado
650 _aArroz Irrigado
650 _aSemente
650 _aGerminacao
650 _aOxigenio
650 _aDormencia da Semente
650 _aTratamento
773 0 _tRevista Brasileira de Sementes (Brazil)
_xISSN 0101-3122
_g(1997), v. 19(2) p. 375-379
_wBR9801142
909 _a202311
_bLúcia
_c55
_dLúcia Elande
942 _2AGRIS
_n0
_cANA
999 _c158787
_d158787